| 000 | 01647 a2200217 4500 | ||
|---|---|---|---|
| 001 | 38047 | ||
| 005 | 20260407155646.0 | ||
| 008 | 260407a1979 arg spa d | ||
| 003 | AR-UNSa-BCEJYS | ||
| 040 |
_aAR-UNSa-BCEJYS _bspa _cAR-UNSa-BCEJYS |
||
| 080 |
_a911.3:33(82) _xGeografía económica argentina |
||
| 245 | 1 | 0 | _aGeografía económica mundial y argentina |
| 250 | _a3a. ed | ||
| 264 | 1 |
_aBuenos Aires : _bERGON _c1979 |
|
| 300 |
_a595 p. _c24 cm. |
||
| 505 | _a1. La realidad socioeconomica mundial - 2. La geografía económica y sus principios fundamentales - 3. Factores naturales indirectos - 4. Recursos naturales - 5. Estadistica demográfica - 6. Dinámica demográfica - 7. Instrumental de producción - 8. La energía - 9. Transporte y comunicaciones - 10. Acumulación y conservación de bienes - 11. Aspectos económicos de la agricultura - 12. Cereales - 13. Oleaginosas - 14. Fibras textiles - 15. Plantas sacaríferas - 16. Plantas estimulantes - 17. Hortalizas, legumbres y frutales - 18. Ganadería - 19. Avicultura - 20. Fauna terrestre y riqueza del mar - 21. Regiones forestales - 22. Explotación forestal - 23. La minería en general - 24. Minerales metalíferos - 25. Minerales no metalíferos - 26. La minería en la argentina - 27. La industria en general - 28. Principales regiones industriales - 29. Principales ramas de la industria - 30. La industria en la argentina - 31. Comercio internacional - 32. Corrientes comerciales y agrupamientos regionales - 33. El comercio en la argentina. | ||
| 041 | _aspa | ||
| 942 | _cBK | ||
| 590 | _aniveau_biblio:m niveau_hierar:0 | ||
| 100 | 1 | _aCarlevari, Isidro J.F. | |
| 999 |
_c2844 _d2844 |
||